| 000 | 00000nam##2200000za#4500 |
| 001 | 9.625867 |
| 003 | CaOODSP |
| 005 | 20200421163422 |
| 007 | ta |
| 008 | 150406|2001||||xxc||||| f|0| 0 fre|d |
| 020 | |a0-662-86607-X |
| 040 | |aCaOODSP|bfre |
| 043 | |an-cn--- |
| 086 | 1 |aNH18-23/86F |
| 110 | 2 |aSociété canadienne d'hypothèques et de logement. |
| 245 | 10|aÉtude contextuelle sur le problème des jeunes sans-abri |
| 260 | |aOttawa - Ontario : |bSociété canadienne d'hypothèques et de logement |c2001. |
| 300 | |a5p. ; |c28 cm. |
| 490 | 1 |aLe point en recherche. Série socio-économique |v86 |
| 563 | |aDépliant |
| 590 | |a01-51|b2001-12-28 |
| 691 | 07|aJeune adulte|2gcpds |
| 691 | 07|aSans-abri|2gcpds |
| 775 | 08|tEnvironmental scan on youth homelessness |w(CaOODSP)9.615862 |
| 776 | 0#|tÉtude contextuelle sur le problème des jeunes sans-abri |w(CaOODSP)9.602194 |
| 830 | #0|aLe point en recherche. Série socio-économique ;|v86|w(CaOODSP)9.513180 |